00399nam a2200157Ia 4500008004100000041000800041082001700049100001600066245006800082250000800150260002500158300000800183542001500191551001400206650002100220220531s9999 xx 000 0 und d aeng a-bWEA / ATR aAtre, Ashok aWeapons of Crony Capitalism Licenses-Permits: The Inspector Raj a1ST aPunebDiamond c2018 a369 d05-12-2018 bNon-grant aEntrepreneurship